Sports Quiz

Random Sports or NHL Quiz

I Never Won the Stanley Cup Quiz Stats

 Plays Quiz Updated Jun 8, 2018

Score 0/44 Timer 06:00
2 Plays Today
% Correct
Rick Nash
78%
Roberto Luongo
77.9%
Shea Weber
75.8%
Daniel Alfredsson
75.8%
Dany Heatley
75.5%
Eric Lindros
75.4%
Jarome Iginla
74.6%
Mats Sundin
74.4%
Joe Thornton
74.4%
Pavel Bure
74%
Claude Giroux
73.8%
Keith Tkachuk
71.9%
Jeremy Roenick
71.5%
Trevor Linden
70.4%
Peter Bondra
70.3%
Markus Näslund
69.1%
Don Cherry
68.9%
Adam Oates
68.7%
Ryan Smyth
68.6%
Saku Koivu
68.5%
Curtis Joseph
68.3%
Wendel Clark
67%
% Correct
Peter Stastny
65.8%
Cam Neely
65.5%
Ron Hextall
65.2%
Pat LaFontaine
65.2%
Dale Hunter
64.1%
Pierre Turgeon
63.4%
Dale Hawerchuk
63.3%
Börje Salming
62.7%
Paul Kariya
61.9%
Marcel Dionne
60.4%
Bernie Federko
59.8%
Darryl Sittler
59.4%
Phil Housley
59.4%
Mark Howe
58.8%
Gilbert Perreault
58.6%
Michel Goulet
58.3%
Mike Gartner
57.8%
Dino Ciccarelli
55.4%
Rod Gilbert
54.6%
Brad Park
53.7%
Jean Ratelle
51.1%
Roger Crozier
49.8%

You're not logged in!

Compare scores with friends on all Sporcle quizzes.
OR
Log In

Show Comments

Extras

Top Quizzes Today


Score Distribution

Your Account Isn't Verified!

In order to create a playlist on Sporcle, you need to verify the email address you used during registration. Go to your Sporcle Settings to finish the process.

Report this User

Report this user for behavior that violates our Community Guidelines.

Details: